<?xml version="1.0" encoding="UTF-8"?>
<record
    xmlns:xsi="http://www.w3.org/2001/XMLSchema-instance"
    xsi:schemaLocation="http://www.loc.gov/MARC21/slim http://www.loc.gov/standards/marcxml/schema/MARC21slim.xsd"
    xmlns="http://www.loc.gov/MARC21/slim">

  <leader>01190nam a22002657a 4500</leader>
  <controlfield tag="005">20101206113148.0</controlfield>
  <controlfield tag="008">101206t        xxu||||| |||| 00| 0 hin d</controlfield>
  <datafield tag="010" ind1=" " ind2=" ">
    <subfield code="a">HIN-91409</subfield>
  </datafield>
  <datafield tag="020" ind1=" " ind2=" ">
    <subfield code="c">125.00</subfield>
    <subfield code="a">9789380405193</subfield>
  </datafield>
  <datafield tag="035" ind1=" " ind2=" ">
    <subfield code="a">HN-63755</subfield>
  </datafield>
  <datafield tag="037" ind1=" " ind2=" ">
    <subfield code="b">DBAD/PUB</subfield>
  </datafield>
  <datafield tag="040" ind1=" " ind2=" ">
    <subfield code="a">DPL</subfield>
    <subfield code="b">HN</subfield>
  </datafield>
  <datafield tag="082" ind1=" " ind2=" ">
    <subfield code="a">230</subfield>
  </datafield>
  <datafield tag="100" ind1=" " ind2=" ">
    <subfield code="9">24598</subfield>
    <subfield code="a">&#x917;&#x93E;&#x902;&#x927;&#x940;, &#x92E;&#x94B;&#x939;&#x928;&#x926;&#x93E;&#x938; &#x915;&#x930;&#x92E;&#x91A;&#x928;&#x94D;&#x926;</subfield>
  </datafield>
  <datafield tag="245" ind1=" " ind2=" ">
    <subfield code="a">&#x917;&#x940;&#x924;&#x93E; &#x92C;&#x94B;&#x927; /</subfield>
    <subfield code="c">&#x92E;&#x94B;&#x939;&#x928;&#x926;&#x93E;&#x938; &#x915;&#x930;&#x92E;&#x91A;&#x928;&#x94D;&#x926; &#x917;&#x93E;&#x902;&#x927;&#x940;; &#x92E;&#x926;&#x928;&#x932;&#x93E;&#x932; &#x936;&#x930;&#x94D;&#x92E;&#x93E; &#x926;&#x94D;&#x935;&#x93E;&#x930;&#x93E; &#x905;&#x928;&#x941;&#x926;&#x93F;&#x924;</subfield>
  </datafield>
  <datafield tag="246" ind1=" " ind2=" ">
    <subfield code="a">Geeta bodha</subfield>
    <subfield code="b">by Mohandas karmchand gandhi</subfield>
  </datafield>
  <datafield tag="260" ind1=" " ind2=" ">
    <subfield code="a">&#x91C;&#x92F;&#x92A;&#x941;&#x930;</subfield>
    <subfield code="b">&#x917;&#x94D;&#x930;&#x928;&#x94D;&#x925; &#x935;&#x93F;&#x915;&#x93E;&#x938;</subfield>
    <subfield code="c">2011</subfield>
  </datafield>
  <datafield tag="270" ind1=" " ind2=" ">
    <subfield code="b">&#x91C;&#x92F;&#x92A;&#x941;&#x930;</subfield>
    <subfield code="a">&#x938;&#x940;-37, &#x930;&#x93E;&#x91C;&#x93E;&#x92A;&#x93E;&#x930;&#x94D;&#x915;, &#x906;&#x926;&#x930;&#x94D;&#x936; &#x928;&#x917;&#x930;</subfield>
    <subfield code="e">4</subfield>
  </datafield>
  <datafield tag="300" ind1=" " ind2=" ">
    <subfield code="a">75&#x92A;&#x943;.</subfield>
    <subfield code="c">22&#x938;&#x947;&#x92E;&#x940; (&#x938;&#x91C;&#x93F;&#x932;&#x94D;&#x926;)</subfield>
  </datafield>
  <datafield tag="650" ind1=" " ind2=" ">
    <subfield code="9">1169</subfield>
  </datafield>
  <datafield tag="700" ind1=" " ind2=" ">
    <subfield code="9">24599</subfield>
    <subfield code="a">&#x936;&#x930;&#x94D;&#x92E;&#x93E;, &#x92E;&#x926;&#x928;&#x932;&#x93E;&#x932; </subfield>
  </datafield>
  <datafield tag="700" ind1=" " ind2=" ">
    <subfield code="9">24924</subfield>
  </datafield>
  <datafield tag="942" ind1=" " ind2=" ">
    <subfield code="2">ddc</subfield>
    <subfield code="c">HN</subfield>
    <subfield code="m">&#x917;&#x93E;&#x902;&#x927;&#x940;&#x92E;&#x94B;</subfield>
    <subfield code="h">230</subfield>
  </datafield>
  <datafield tag="999" ind1=" " ind2=" ">
    <subfield code="c">49576</subfield>
    <subfield code="d">49576</subfield>
  </datafield>
  <datafield tag="952" ind1=" " ind2=" ">
    <subfield code="0">0</subfield>
    <subfield code="1">0</subfield>
    <subfield code="2">ddc</subfield>
    <subfield code="4">0</subfield>
    <subfield code="7">1</subfield>
    <subfield code="8">NFIC</subfield>
    <subfield code="a">DBAD</subfield>
    <subfield code="b">DBAD</subfield>
    <subfield code="d">2010-12-28</subfield>
    <subfield code="e">DBAD /PUB</subfield>
    <subfield code="g">125.00</subfield>
    <subfield code="l">0</subfield>
    <subfield code="o">230&#x917;&#x93E;&#x902;&#x927;&#x940;&#x92E;&#x94B;</subfield>
    <subfield code="p">HN-63755</subfield>
    <subfield code="r">2010-12-28 00:00:00</subfield>
    <subfield code="t">1</subfield>
    <subfield code="v">125.00</subfield>
    <subfield code="y">HN</subfield>
  </datafield>
</record>
